Monetární politika a akciové trhy v podmínkách globální finanční krize

Zhodnotenie vybraných nástrojov monetárnej politiky počas nedávnej finančnej kríze a ich previazanosť s vývojom akciových trhov.

Na minha lista:
Detalhes bibliográficos
Autor principal: Otýpková, Michaela
Outros Autores: Sinitsyna, Margarita
Formato: Capítulo de Livro
Idioma:tcheco
Assuntos:
Tags: Adicionar Tag
Sem tags, seja o primeiro a adicionar uma tag!

MARC

LEADER 00000naa a2200000 4500
001 0166212
005 20220713131151.9
041 0 |a cze 
044 |a CZ 
245 1 0 |a Monetární politika a akciové trhy v podmínkách globální finanční krize  |c Michaela Otýpková, Margarita Sinitsyna 
520 |a Zhodnotenie vybraných nástrojov monetárnej politiky počas nedávnej finančnej kríze a ich previazanosť s vývojom akciových trhov. 
610 2 0 |a politika menová 
610 2 0 |a kríza finančná 
610 2 0 |a trh akciový 
610 2 0 |a trh finančný 
100 1 |a Otýpková, Michaela 
700 1 |a Sinitsyna, Margarita